Normal view
MARC view
Entry Personal Name
001 - CONTROL NUMBER
- control field: 1234768
003 - CONTROL NUMBER IDENTIFIER
- control field: OSt
005 - DATE AND TIME OF LATEST TRANSACTION
- control field: 20260413161640.0
008 - FIXED-LENGTH DATA ELEMENTS
- fixed length control field: 260413|| aca||aabn | a|a d
040 ## - CATALOGING SOURCE
- Original cataloging agency: OSt
- Transcribing agency: OSt
100 ## - HEADING--PERSONAL NAME
- Personal name: Hadley, James
670 ## - SOURCE DATA FOUND
- Source citation: Work cat.: (OSt)1678688: 1113781, Translation classics in context, 2025.
